000 00606nam a2200229Ia 4500
003 OSt
005 20220928102153.0
006 a|||||r|||| 00| 0
007 ta
008 220927b |||||||| |||| 00| 0 hin d
024 _a50329
037 _cTextual
040 _aSDCL
_cSDCL
_bhin
041 _2hin
_ahin
082 _aO152,3N01x, P4
100 _aTej Singh Co.
_9396922
245 0 _aUgra ki zabatshuda kahaniyan.
260 _aNew Delhi
_bAnurag Prakashan
_c2004
300 _a144p.
_ccm.
942 _hO152,3N01x, P4
_cTEXL
_2CC
999 _c712684
_d712684